The Routledge Advanced Chinese multimedia course : (Record no. 292838)
[ view plain ]
| 000 -LEADER | |
|---|---|
| fixed length control field | 01625cam a2200409 i 4500 |
| 001 - CONTROL NUMBER | |
| control field | 17866496 |
| 003 - CONTROL NUMBER IDENTIFIER | |
| control field | PILC |
| 005 - DATE AND TIME OF LATEST TRANSACTION | |
| control field | 20160322124100.0 |
| 008 - FIXED-LENGTH DATA ELEMENTS--GENERAL INFORMATION | |
| fixed length control field | 130827s2014 enka b 001 0 eng |
| 010 ## - LIBRARY OF CONGRESS CONTROL NUMBER | |
| LC control number | 2013030126 |
| 020 ## - INTERNATIONAL STANDARD BOOK NUMBER | |
| International Standard Book Number | 9780415841344 (hardback) |
| 020 ## - INTERNATIONAL STANDARD BOOK NUMBER | |
| International Standard Book Number | 9780415841337 (pbk.) |
| 020 ## - INTERNATIONAL STANDARD BOOK NUMBER | |
| Cancelled/invalid ISBN | 9781315818375 (ebook) |
| 040 ## - CATALOGING SOURCE | |
| Original cataloging agency | DLC |
| Language of cataloging | eng |
| Transcribing agency | DLC |
| Description conventions | rda |
| Modifying agency | DLC |
| 041 0# - LANGUAGE CODE | |
| Language code of text/sound track or separate title | eng |
| -- | chi |
| 042 ## - AUTHENTICATION CODE | |
| Authentication code | pcc |
| 050 00 - LIBRARY OF CONGRESS CALL NUMBER | |
| Classification number | PL1117.5.C6 |
| Item number | .L477 2014 |
| 082 00 - DEWEY DECIMAL CLASSIFICATION NUMBER | |
| Classification number | 495.1/86421 |
| 100 1# - MAIN ENTRY--PERSONAL NAME | |
| Personal name | Lee, Kun Shan Carolyn. |
| 245 14 - TITLE STATEMENT | |
| Title | The Routledge Advanced Chinese multimedia course : |
| Remainder of title | crossing cultural boundaries / |
| Statement of responsibility, etc | Kunshan Carolyn Lee, Hsin-Hsin Liang, Liwei Jiao and Julian K. Wheatley. |
| 246 3# - VARYING FORM OF TITLE | |
| Title proper/short title | Crossing cultural boundaries |
| 250 ## - EDITION STATEMENT | |
| Edition statement | Second Edition. |
| 260 ## - PUBLICATION, DISTRIBUTION, ETC. (IMPRINT) | |
| Place of publication, distribution, etc | NY : |
| Name of publisher, distributor, etc | Routledge, |
| Date of publication, distribution, etc | 2014. |
| 300 ## - PHYSICAL DESCRIPTION | |
| Extent | xii, 366 pages : |
| Other physical details | illustrations ; |
| Dimensions | 29 cm + |
| Accompanying material | 2 audio discs (digital ; 4 3/4 in.) |
| 500 ## - GENERAL NOTE | |
| General note | Previous edition was published in 2010. |
| 500 ## - GENERAL NOTE | |
| General note | Includes bibliographical references and indexes. |
| 546 ## - LANGUAGE NOTE | |
| Language note | Text in English and Chinese. |
| 650 #0 - SUBJECT ADDED ENTRY--TOPICAL TERM | |
| Topical term or geographic name as entry element | Chinese language |
| Form subdivision | Readers |
| General subdivision | China. |
| 650 #0 - SUBJECT ADDED ENTRY--TOPICAL TERM | |
| Topical term or geographic name as entry element | Chinese language |
| Form subdivision | Textbooks for foreign speakers |
| General subdivision | English. |
| 650 #0 - SUBJECT ADDED ENTRY--TOPICAL TERM | |
| Topical term or geographic name as entry element | Chinese language |
| Form subdivision | Sound recordings for English speakers. |
| 700 1# - ADDED ENTRY--PERSONAL NAME | |
| Personal name | Liang, Xinxin. |
| 700 1# - ADDED ENTRY--PERSONAL NAME | |
| Personal name | Jiao, Liwei. |
| 700 1# - ADDED ENTRY--PERSONAL NAME | |
| Personal name | Wheatley, Julian K. |
| 906 ## - LOCAL DATA ELEMENT F, LDF (RLIN) | |
| a | 7 |
| b | cbc |
| c | orignew |
| d | 1 |
| e | ecip |
| f | 20 |
| g | y-gencatlg |
| 942 ## - ADDED ENTRY ELEMENTS (KOHA) | |
| Source of classification or shelving scheme | Library of Congress Classification |
| Koha item type | Books |
| Withdrawn status | Lost status | Source of classification or shelving scheme | Damaged status | Home library | Current library | Shelving location | Date acquired | Source of acquisition | Cost, normal purchase price | Sub Shelving location | Total Checkouts | Full call number | Barcode | Date last seen | Price effective from | Koha item type |
|---|---|---|---|---|---|---|---|---|---|---|---|---|---|---|---|---|
| Library of Congress Classification | College Library | College Library | Reserve Section | 03/22/2016 | Library Fund | 6541.00 | PL1117.5.C6 .L477 2014 | C20506 | 05/15/2018 | 03/22/2016 | Books |